Language Quiz

Random Language or German Quiz

German Vocab (Part I) (English to German) Quiz Stats

 Plays Quiz not verified by Sporcle

Challenge
Share
Tweet
Embed
Score 0/32 Timer 04:00
0 Plays Today
English Word German Translation % Correct
andund
93.3%
thank youDanke
92.5%
Good MorningGuten Morgen
90.8%
notnicht
90.8%
Mrs.die Frau
90%
pleaseBitte
90%
Mr.der Herr
89.2%
bookdas Buch
85.8%
Good EveningGuten Abend
85%
to readlesen
82.5%
wonderfulWunderbar
81.7%
tableder Tisch
81.7%
paperdas Papier
80%
to learn/to studylernen
80%
to hearhoren
76.7%
to saysagen
75.8%
English Word German Translation % Correct
to askfragen
75%
alsoauch
73.3%
doordie Tur
72.5%
windowdas Fenster
70.8%
chairder Stuhl
66.7%
to answerantworten
66.7%
HelloGuten Tag
65.8%
to be callheissen
65.8%
picturedas Bild
64.2%
pencilder Bleistift
55.8%
walldie Wand
55.8%
pender Kuli
45.8%
notebookdas Heft
42.5%
blackboarddie Tafel
42.5%
to repeatwiederholen
39.2%
chalkdie Kreide
25%

You're not logged in!

Compare scores with friends on all Sporcle quizzes.
OR
Log In

You Might Also Like...

Show Comments

Extras

Created Dec 12, 2010ReportNominate
Tags:German Quiz

Top Quizzes Today


Score Distribution

Your Account Isn't Verified!

In order to create a playlist on Sporcle, you need to verify the email address you used during registration. Go to your Sporcle Settings to finish the process.

Report this User

Report this user for behavior that violates our Community Guidelines.

Details: